000 00711cam a2200253 a 4500
001 118090
003 GBCCL
005 20241126110415.0
008 950602s1996 oruab 000 1 eng
010 _a 95030366
020 _a1565074033 (alk. paper)
035 _a(OCoLC)ocm32699009
040 _aDLC
_cDLC
_dOCL
_dOCLCQ
049 _aLBBK
050 0 0 _aPS3551.R764
_bI83 1996
082 0 0 _a813.54
_220
_bART
090 _aPS3551.R764
_bI83 1996
100 1 _aArthur, Kay,
_d1933-
_91841
245 1 0 _aIsrael, my beloved /
_cKay Arthur.
260 _aEugene, OR :
_bHarvest House Publishers,
_cc1996.
300 _a443 p. :
_bcol. ill., maps ;
_c24 cm.
650 0 _aJews
_vFiction.
_94163
942 _2ddc
_cBK
999 _c2020
_d2020